Szczegóły MARC21

Prawo karne wykonawcze : zagadnienia procesowe /

003 -Nazwa inst., której nr kontr. jest w polu 001 [,]
    • @
    • Nazwa instytucji, której n kontrolny jest w polu 001
    • NUKAT
005 -DATA I CZAS OSTATNIEJ MODYFIKACJI [,]
    • @
    • pole kontrolne
    • 20241231112751.0
020 -Międzynarod. znormalizowany nr książki - ISBN [ , ]
    • a
    • Numer ISBN
    • 9788326434051 Find
040 -Instytucja sporządzająca opis [ , ]
    • a
    • Instytucja, która sporządziła opis (NP)
    • WA U/91UKP
    • c
    • Instytucja, która sporządziła rekord (NP)
    • WA U/UKP
    • d
    • Instytucja, która zmodyfikowała rekord (P)
    • WA U/EAD
    • d
    • Instytucja, która zmodyfikowała rekord (P)
    • WR U/JHs
942 -Rodzaj dokumentu [ , ]
    • c
    • Rodzaj dokumentu
    • Książka
100 -Hasło główne - nazwa osobowa [1, ]
    • a
    • Nazwa osobowa (NP)
    • Gerecka-Żołyńska, Anna
    • d
    • Daty biograficzne (NP)
    • (1969- ).
    • 9
    • KHW
    • 9626
245 -Strefa tytułu i oznaczenia odpowiedzialności [1,0]
    • a
    • Tytuł
    • Prawo karne wykonawcze : Find
    • b
    • Ciąg dalszy tytułu (NP)
    • zagadnienia procesowe / Find
    • c
    • Pozostałe elementy strefy tytułu i oznaczenia odpowiedzialności (NP)
    • Anna Gerecka-Żołyńska, Wojciech Sych.
250 -Strefa wydania [ , ]
    • a
    • Oznaczenie wydania (NP)
    • Stan prawny na 1 sierpnia 2014 r.
260 -Strefa adresu wydawniczego [ , ]
    • a
    • Miejsce wydania (P)
    • Warszawa :
    • b
    • Nazwa wydawcy (P)
    • LEX a Wolters Kluwer Business,
    • c
    • Data wydania (P)
    • 2014.
300 -Strefa opisu fizycznego [ , ]
    • a
    • Określenie formy książki i/lub objętość (NP)
    • 197 s. ;
    • c
    • Format (NP)
    • 24 cm.
336 -Typ zawartości [ , ]
    • a
    • Termin opisujący typ zawartości
    • Tekst
    • b
    • Kod określający zawartość
    • txt
    • 2
    • Źródło (terminu i kodu)
    • rdacontent
337 -Typ mediów [ , ]
    • a
    • Tryb odtwarzania
    • Bez urządzenia pośredniczącego
    • b
    • Kod typu mediów
    • n
    • 2
    • Źródło (terminu i kodu)
    • rdamedia
338 -Typ/rodzaj nośnika [ , ]
    • a
    • Hasło opisujące typ nośnika
    • Wolumin
    • b
    • Kod typu nośnika
    • nc
    • 2
    • Źródło (terminu i kodu)
    • rdacarrier
490 -Strefa serii i książki wielotomowej - forma nie do wyszukiwania [1, ]
    • a
    • Tytuł (P)
    • Seria Akademicka Find
830 -Hasło dodatkowe serii i opisu książki wielotomowej - tytuł ujednolicony/tytuł [ ,0]
    • a
    • Tytuł ujednolicony/tytuł (NP)
    • Seria Akademicka - Wolters Kluwer Polska
    • 9
    • KHW
    • 1034
504 -Uwaga dot. bibliogr. załącznikowej [ , ]
    • a
    • Uwaga dot. bibliografii załącznikowej
    • Bibliogr. s. 13 i przy rozdz.
080 -Uniwersalna Klasyfikacja Dziesiętna [ , ]
    • 2
    • Identyfikator wydania tablic
    • UDC-P058
    • 9
    • UKD
    • 3489
    • a
    • Symbol klasyfikacji
    • 343.8
    • b
    • Dopowiedzenie
    • Wykonanie kary. Prawo karne wykonawcze.
    • 4
    • UKD2
    • 7642
    • x
    • Poddział wspólny
    • (438)
    • c
    • Dopowiedzenie poddz. wspólnego
    • (Polska).
    • 4
    • UKD2
    • 7665
    • x
    • Poddział wspólny
    • (075.8)
    • c
    • Dopowiedzenie poddz. wspólnego
    • (Podręczniki dla szkół wyższych. Skrypty).
650 -Hasło przedmiotowe [ ,7]
    • a
    • Hasło przedmiotowe
    • Prawo karne
    • z
    • Określnik geograficzny
    • Polska
    • v
    • Określnik formalny
    • podręczniki akademickie.
    • 2
    • Źródło terminu
    • kaba
    • 9
    • KHW
    • 355208
650 -Hasło przedmiotowe [ ,7]
    • a
    • Hasło przedmiotowe
    • Wykonywanie kar
    • z
    • Określnik geograficzny
    • Polska
    • v
    • Określnik formalny
    • podręczniki akademickie.
    • 2
    • Źródło terminu
    • kaba
    • 9
    • KHW
    • 367587
980 -Symbol UKD [ , ]
    • a
    • UKD
    • 343.8(438)(075.8)
700 -Hasło dodatkowe - nazwa osobowa [1, ]
    • a
    • Nazwa osobowa (NP)
    • Sych, Wojciech. Find
    • 9
    • KHW
    • 82294
710 -Hasło dodatkowe - nazwa ciała zbiorowego [2, ]
    • a
    • Nazwa ciała zbiorowego lub nazwa geograficzna jako pierwszy element (NP)
    • Wolters Kluwer Polska.
    • 4
    • Kod relacji
    • pbl
    • 9
    • KHW
    • 52677
920 -ISBN [ , ]
    • a
    • ISBN
    • 978-83-264-3405-1 Find
Numer inwentarzowy Status udost. Lokalizacja Data inwentaryzacji Sygnatura
SA.230491BSA2015-01-16SA.23049